KOHA-Header-6

Introduction To Mathematical Structures and proofs (Record no. 8627)

000 -LEADER
fixed length control field 00284nam a2200109Ia 4500
100 ## - MAIN ENTRY--AUTHOR NAME
Personal name Gerstein,Larry J.
245 #0 - TITLE STATEMENT
Title Introduction To Mathematical Structures and proofs
260 ## - PUBLICATION, DISTRIBUTION, ETC. (IMPRINT)
Place of publication India
Name of publisher Addision
Year of publication 1999
300 ## - PHYSICAL DESCRIPTION
Number of Pages 451
942 ## - ADDED ENTRY ELEMENTS (KOHA)
Koha item type Books
Holdings
Withdrawn status Lost status Collection code Permanent Location Current Location Shelving location Date acquired Full call number Accession Number Koha item type
    Mathematics MAJU MAJU Shelf No.A26 2019-09-14 515.2 3484 Mathematics

Powered by Koha